LEADER 01137cam0 2200289 450 001 E600200060757 005 20200720142430.0 010 $a3884793489 100 $a20100301d1988 |||||ita|0103 ba 101 $ager 102 $aDE 200 1 $aKants modus ponens$eÜberlegugen und Vorschläge zur einer analytischen Rekonstruktion von Kants Metaphysik der Erfahrung$fHorst Lange$gmit einer Einführung von Klaus Hartmann 210 $aWürzburg$cKönigshausen und Neumann$d1988 215 $a134 p.$d21 cm 225 2 $aEpistemata$eWürzburger wissenschaftliche Schriften 410 1$1001LAEC00027389$12001 $a*Epistemata : Würzburger wissenschaftliche Schriften 700 1$aLange$b, Horst$3A600200060119$4070$0775409 702 1$aHartmann, Klaus$3A600200057058$4070 801 0$aIT$bUNISOB$c20200720$gRICA 850 $aUNISOB 852 $aUNISOB$j100$m69581 912 $aE600200060757 940 $aM 102 Monografia moderna SBN 941 $aM 957 $a100$b007416$gSi$d69581$racquisto$1pregresso3$2UNISOB$3UNISOB$420100301152830.0$520200720142414.0$6Alfano 996 $aKants modus ponens$91704207 997 $aUNISOB LEADER 02579nam 2200649 a 450 001 9910452237303321 005 20200520144314.0 010 $a1-84150-695-8 035 $a(CKB)2550000000103229 035 $a(EBL)922476 035 $a(OCoLC)794328930 035 $a(SSID)ssj0000679401 035 $a(PQKBManifestationID)11406008 035 $a(PQKBTitleCode)TC0000679401 035 $a(PQKBWorkID)10627806 035 $a(PQKB)10826927 035 $a(MiAaPQ)EBC922476 035 $a(Au-PeEL)EBL922476 035 $a(CaPaEBR)ebr10565428 035 $a(CaONFJC)MIL884601 035 $a(OCoLC)797838692 035 $a(EXLCZ)992550000000103229 100 $a20120612d2012 uy 0 101 0 $aeng 135 $aur|n|---||||| 181 $ctxt 182 $cc 183 $acr 200 00$aTrans(per)forming Nina Arsenault$b[electronic resource] $ean unreasonable body of work /$fedited by Judith Rudakoff 210 $aBristol [England] $cIntellect$d2012 215 $a1 online resource (274 p.) 300 $aDescription based upon print version of record. 311 $a1-84150-571-4 320 $aIncludes bibliographical references. 327 $apt. 1. The texts -- pt. 2. The silicone diaries -- pt. 3. The photographs. 330 $aAfter sixty surgeries at a cost of almost 200,000 to feminize and beautify her originally male body, transgendered Canadian artist Nina Arsenault has created a body of work emanating from her experiences that includes photographs, videos disseminated online, a website, a blog, several social networking presentation sites, stage plays, print media writing, and performance of the body in both celebrity appearances and daily public life. Arsenault was born in rural Ontario in 1974 and until the age of six lived as Rodney in a trailer park with her working-class family. Her father delivered bread 606 $aTransgender people 606 $aTransgender people$xIdentity 606 $aTransgender people's writings 606 $aTransgenderism 606 $aSurgery, Plastic 608 $aElectronic books. 615 0$aTransgender people. 615 0$aTransgender people$xIdentity. 615 0$aTransgender people's writings. 615 0$aTransgenderism. 615 0$aSurgery, Plastic. 676 $a305.9/066 676 $a305.9066 701 $aRudakoff$b Judith$0955619 801 0$bMiAaPQ 801 1$bMiAaPQ 801 2$bMiAaPQ 906 $aBOOK 912 $a9910452237303321 996 $aTrans(per)forming Nina Arsenault$92162605 997 $aUNINA